000 00328nam a2200133 a 4500
001 4144
005 20140414131923.0
008 090317s19uu xx 00 eng d
050 _aER
_bT22 1993
100 _aSpurgeon, Maureen
245 _aTeddy bear adventures.
260 _aEngland :
_bBrown Watson,
_c1993.
999 _c111887
_d111887